[Event "Druzynowe Mistrzostwa Polski Ekstraliga"]
[Site "Gorzow Wlkp. - Wroclaw - Katowice"]
[Date "1899-12-30"]
[Round "2.14"]
[White "Matuszewski, Michal"]
[Black "Ponizil, Cyril"]
[Result "1/2-1/2"]
[WhiteTitle "IM"]
[BlackTitle "IM"]
[WhiteElo "2485"]
[BlackElo "2478"]

1. Nf3 c5 2. c4 Nf6 3. g3 b6 4. Bg2 Bb7 5. O-O e6 6. Nc3 Be7 7. d4 cxd4 8. Qxd4
d6 9. Rd1 a6 10. Be3 Nbd7 11. Rac1 O-O 12. Ng5 Bxg2 13. Kxg2 Rc8 14. b3 Rc6 15.
f3 Qb8 16. Qd2 Rfc8 17. a4 h6 18. Nh3 Qc7 19. Nf4 d5 20. cxd5 Rxc3 21. dxe6 fxe6
22. Nxe6 Qc6 23. Nd4 Qc5 24. Nf5 Qxf5 25. Rxc3 Re8 26. Qc2 Qe6 27. Bd4 Nd5 28.
Rc6 Qf7 29. Rc8 Rf8 30. Rxf8+ Bxf8 31. e4 Nb4 32. Qc3 a5 33. Bf2 Bc5 34. e5 Kh7
35. Qe1 Qf5 36. Bxc5 Nxc5 37. Qe3 h5 38. Rd2 Nc6 39. f4 h4 40. gxh4 Nb4 41. Rf2
Ne6 42. Kg3 Nd5 43. Qd2 Qg6+ 44. Kh3 Qe4 45. Kg3 Ne3 46. h5 Nd4 47. h3 Qh1 48.
f5 Nexf5+ 49. Kg4 Qe4+ 50. Qf4 Nh6+ 51. Kh4 Ndf5+ 52. Kg5 Qb7 53. Qc4 Qe7+ 54.
Kf4 Qh4+ 55. Kf3 Qxh5+ 56. Ke4 Qh4+ 57. Rf4 Qe1+ 58. Kd3 Qxe5 59. Qe4 Qc5 60.
Kd2 g6 61. h4 Kg7 62. Qb7+ Nf7 63. Qe4 Kf6 64. Qd3 Ne5 65. Qc3 Ke6 66. Qxc5 bxc5
67. Kc3 Kf6 68. Rf1 Ke6 69. Rf4 Ne7 70. Rf8 Nd5+ 71. Kb2 Nd3+ 72. Kc2 N3b4+ 73.
Kd2 Nc6 74. Rc8 Nd4 75. Kd3 Nxb3 76. Rg8 Ne7 77. Re8 Nd4 78. Kc4 Kd6 79. Rf8 Ne6
80. Rf6 Nc6 81. Kb5 Kd5 82. Rxg6 c4 83. h5 Ned4+ 84. Kb6 Ne7 85. Rg5+ Ndf5 86.
h6 c3 87. h7 c2 88. Rg1 Ng6 89. Kxa5 Kc5 90. Ka6 Nh8 91. a5 Ne3 92. Rc1 Kc6 93.
Ka7 Kc7 94. a6 Nf7 95. Ka8 Nh8 1/2-1/2

[Event "Druzynowe Mistrzostwa Polski Ekstraliga"]
[Site "Gorzow Wlkp. - Wroclaw - Katowice"]
[Date "1899-12-30"]
[Round "2.15"]
[White "Piesik, Piotr"]
[Black "Leniart, Arkadiusz"]
[Result "1/2-1/2"]
[WhiteTitle "FM"]
[BlackTitle "IM"]
[WhiteElo "2337"]
[BlackElo "2479"]

1. d4 Nf6 2. Nf3 g6 3. g3 Bg7 4. Bg2 O-O 5. O-O d5 6. Nbd2 Nc6 7. c3 Re8 8. Re1
h6 9. Ne5 Nxe5 10. dxe5 Ng4 11. Nb3 Nxe5 12. Qxd5 c6 13. Qxd8 Rxd8 14. Na5 Rb8
15. f4 Ng4 16. h3 Nf6 17. e4 Bd7 18. Be3 b6 19. Nb3 c5 20. e5 Ne8 21. a4 Be6 22.
Nd2 Nc7 23. Ne4 a5 24. Red1 Bb3 25. Rxd8+ Rxd8 26. Nd2 Be6 27. Kf2 f6 28. exf6
exf6 29. Bf1 Nd5 30. Nc4 Nxe3 31. Kxe3 Rb8 32. Rd1 Bf8 33. Na3 Re8 34. Kf3 c4
35. Nxc4 Bc5 36. b4 axb4 37. cxb4 Bxb4 38. Nxb6 Kg7 39. g4 Bc5 40. Bb5 Re7 41.
Nd5 Rb7 42. Nc3 Re7 43. Ne4 Bb6 44. Nd6 h5 45. Rd3 hxg4+ 46. hxg4 Ba2 47. Nc8
Rb7 48. Nxb6 Rxb6 49. Ra3 Bd5+ 50. Ke3 Ba8 51. Kd4 Rd6+ 52. Kc5 Rd5+ 53. Kc4 Rd1
54. Rd3 Rg1 55. Bd7 Be4 56. Rd4 Bf3 57. a5 Kf7 58. Kc5 Rc1+ 59. Rc4 Rxc4+ 60.
Kxc4 Ke7 61. Bc8 Kd8 62. Be6 Ke7 63. Bc8 Kd8 64. Be6 Ke7 65. Bd5 Bxg4 66. Be4
Be2+ 67. Kd4 g5 68. Ke3 Ba6 69. fxg5 1/2-1/2

[Event "Druzynowe Mistrzostwa Polski Ekstraliga"]
[Site "Gorzow Wlkp. - Wroclaw - Katowice"]
[Date "1899-12-30"]
[Round "2.16"]
[White "Mikrut, Dariusz"]
[Black "Paszewski, Mateusz"]
[Result "1/2-1/2"]
[WhiteTitle "IM"]
[BlackTitle "FM"]
[WhiteElo "2406"]
[BlackElo "2327"]

1. e4 c6 2. d4 d5 3. exd5 cxd5 4. c4 Nf6 5. Nc3 Nc6 6. Bg5 e6 7. Nf3 Be7 8. Bd3
dxc4 9. Bxc4 O-O 10. O-O b6 11. a3 Bb7 12. Ba2 h6 13. Be3 Rc8 14. Re1 Bd6 15.
Qa4 Bb8 16. d5 exd5 17. Rad1 Na5 18. Qh4 Nc4 19. Bxh6 gxh6 20. Qxh6 Qd6 21. Ng5
Qxh2+ 22. Qxh2 Bxh2+ 23. Kxh2 Nxb2 24. Rd2 Rxc3 25. Rxb2 Rfc8 26. Bb1 R8c7 27.
a4 Ra3 28. Bc2 Kf8 29. f3 Bc6 30. Rb4 Bd7 31. Rf4 Rc6 32. Re5 Rac3 33. Bf5 Bxf5
34. Rexf5 Kg7 35. g4 R3c4 36. Kg3 a6 37. Nh3 Rxf4 38. Nxf4 1/2-1/2

[Event "Druzynowe Mistrzostwa Polski Ekstraliga"]
[Site "Gorzow Wlkp. - Wroclaw - Katowice"]
[Date "1899-12-30"]
[Round "2.18"]
[White "Leks, Maria"]
[Black "Lach, Aleksandra"]
[Result "1/2-1/2"]
[WhiteTitle "WCM"]
[BlackTitle "WIM"]
[WhiteElo "2129"]
[BlackElo "2224"]

1. e4 g6 2. d4 Bg7 3. Be3 a6 4. c4 d6 5. Nc3 Nd7 6. Qd2 c6 7. a4 b6 8. Nge2 c5
9. Nc1 cxd4 10. Bxd4 Ngf6 11. Be2 Bb7 12. f3 O-O 13. a5 bxa5 14. Nb3 Rc8 15. Nxa5
Ba8 16. O-O Ne8 17. Be3 Nc7 18. b4 Rb8 19. Rab1 Ne6 20. Nd5 f5 21. exf5 Rxf5 22.
Bd3 Rf7 23. Be4 Rc8 24. Rfd1 Qf8 25. Qa2 Nd8 26. Qa4 e6 27. Nb6 Nxb6 28. Bxb6
Bxe4 29. fxe4 Be5 30. Rb3 Qh6 31. Rh3 Qf4 32. Qc2 Nc6 33. Nxc6 Rxc6 34. Be3 Qg4
35. Rf1 Rxf1+ 36. Kxf1 d5 37. Qa4 Rc8 38. Rf3 Qxe4 39. Qd7 Qxc4+ 40. Kf2 Qc6 41.
Qf7+ Kh8 42. Bc5 Bg7 43. Qa7 e5 44. Rf7 d4 45. Kg1 Qe4 46. h3 Qe3+ 47. Kh2 Qh6
48. Qxa6 Rg8 49. Be7 g5 50. Qxh6 Bxh6 51. Bf6+ Bg7 52. Bxg7+ Rxg7 53. Rf8+ Rg8
54. Rxg8+ Kxg8 55. b5 d3 56. b6 d2 57. b7 d1=Q 58. b8=Q+ Kf7 59. Qxe5 1/2-1/2

[Event "Druzynowe Mistrzostwa Polski Ekstraliga"]
[Site "Gorzow Wlkp. - Wroclaw - Katowice"]
[Date "1899-12-30"]
[Round "2.19"]
[White "Wojtaszek, Radoslaw"]
[Black "Kryvoruchko, Yuriy"]
[Result "1/2-1/2"]
[WhiteTitle "GM"]
[BlackTitle "GM"]
[WhiteElo "2734"]
[BlackElo "2714"]

1. d4 Nf6 2. c4 e6 3. Nf3 d5 4. Nc3 Nbd7 5. Bg5 Be7 6. Qc2 h6 7. Bh4 c5 8. cxd5
Nxd5 9. Bxe7 Qxe7 10. Nxd5 exd5 11. dxc5 Nxc5 12. g3 Ne4 13. Bg2 Qb4+ 14. Nd2
O-O 15. a3 Qb6 16. Nxe4 dxe4 17. Qxe4 Qxb2 18. O-O Rb8 19. Qe7 Be6 20. Rab1 Qxe2
21. Rxb7 Rxb7 22. Qxb7 a5 23. Bd5 Rd8 24. Bxe6 Qxe6 25. Qc7 Rd5 26. Rc1 Kh7 27.
h4 h5 28. Qc3 Qf5 29. Re1 Rc5 30. Qd4 Rd5 31. Qc3 Rc5 1/2-1/2

[Event "Druzynowe Mistrzostwa Polski Ekstraliga"]
[Site "Gorzow Wlkp. - Wroclaw - Katowice"]
[Date "1899-12-30"]
[Round "2.20"]
[White "Piorun, Kacper"]
[Black "Areshchenko, Alexander"]
[Result "1/2-1/2"]
[WhiteTitle "GM"]
[BlackTitle "GM"]
[WhiteElo "2638"]
[BlackElo "2677"]

1. d4 Nf6 2. c4 g6 3. Nc3 d5 4. cxd5 Nxd5 5. e4 Nxc3 6. bxc3 Bg7 7. Nf3 c5 8. h3
O-O 9. Be2 Nc6 10. Be3 f5 11. Qb3+ Kh8 12. Rd1 cxd4 13. Nxd4 Nxd4 14. Bxd4 Qc7
15. exf5 Bxf5 16. O-O Bxd4 17. Rxd4 Rac8 18. c4 e5 19. Rd2 Be6 20. Re1 b6 21.
Qb2 Bxc4 22. Rc2 b5 23. Bxc4 bxc4 24. Qc3 Rfd8 25. Qxe5+ Qxe5 26. Rxe5 Rd1+ 27.
Kh2 c3 28. Re3 Rd2 29. Rcxc3 Rxc3 30. Rxc3 Rxa2 1/2-1/2

[Event "Druzynowe Mistrzostwa Polski Ekstraliga"]
[Site "Gorzow Wlkp. - Wroclaw - Katowice"]
[Date "1899-12-30"]
[Round "2.21"]
[White "Gajewski, Grzegorz"]
[Black "Heberla, Bartlomiej"]
[Result "1-0"]
[WhiteTitle "GM"]
[BlackTitle "GM"]
[WhiteElo "2634"]
[BlackElo "2580"]

1. Nf3 Nf6 2. g3 g6 3. c4 Bg7 4. Bg2 O-O 5. O-O d6 6. d4 Nc6 7. Nc3 a6 8. Bg5 Rb8
9. Qc1 b5 10. c5 dxc5 11. dxc5 b4 12. Na4 e5 13. Bh6 e4 14. Bxg7 Kxg7 15. Ng5
Nd4 16. Qc4 Bg4 17. Rfe1 Bxe2 18. Rxe2 Qd5 19. Qxd5 Nxe2+ 20. Kf1 Nxd5 21. Kxe2
Rfe8 22. Rd1 Rbd8 23. c6 h6 24. Nxe4 f5 25. Nac5 fxe4 26. Nb7 Nc3+ 27. bxc3 Rxd1
28. Kxd1 bxc3 29. Nc5 e3 30. fxe3 Rxe3 31. Bf1 a5 32. Na6 Re7 33. Bh3 Kf6 34.
Bd7 c2+ 35. Kxc2 Re2+ 36. Kd3 Rxa2 37. Nxc7 Ke7 38. Nb5 Rb2 39. Bh3 Rb3+ 40. Kc4
1-0

[Event "Druzynowe Mistrzostwa Polski Ekstraliga"]
[Site "Gorzow Wlkp. - Wroclaw - Katowice"]
[Date "1899-12-30"]
[Round "2.22"]
[White "Kanarek, Marcel"]
[Black "Miton, Kamil"]
[Result "1/2-1/2"]
[WhiteTitle "GM"]
[BlackTitle "GM"]
[WhiteElo "2519"]
[BlackElo "2618"]

1. e4 c5 2. Nf3 Nc6 3. d4 cxd4 4. Nxd4 Nf6 5. Nc3 d6 6. Bg5 e6 7. Qd2 Be7 8. O-O-O
O-O 9. f4 Nxd4 10. Qxd4 Qa5 11. e5 dxe5 12. Qxe5 Qxe5 13. fxe5 Nd5 14. Bxe7 Nxe7
15. Bd3 b6 16. Be4 Rb8 17. Rhe1 Bb7 18. Nb5 Bxe4 19. Rxe4 Rb7 20. Ra4 a5 21. Re4
Rbb8 22. Rd7 Ng6 23. a3 Rfd8 24. Rd6 Kf8 25. b4 axb4 26. axb4 Ke7 27. Kb2 Rd7
28. Rxd7+ Kxd7 29. c4 Ra8 30. Re1 h5 31. Kb3 Kc6 32. Nd4+ Kc7 33. Nb5+ Kc6 34.
Nd4+ Kc7 35. Nb5+ Kc6 36. Nd4+ Kc7 1/2-1/2

[Event "Druzynowe Mistrzostwa Polski Ekstraliga"]
[Site "Gorzow Wlkp. - Wroclaw - Katowice"]
[Date "1899-12-30"]
[Round "2.25"]
[White "Lupulescu, Constantin"]
[Black "Dziuba, Marcin"]
[Result "1/2-1/2"]
[WhiteTitle "GM"]
[BlackTitle "GM"]
[WhiteElo "2631"]
[BlackElo "2556"]

1. e4 c5 2. Nf3 d6 3. Bb5+ Bd7 4. Bxd7+ Qxd7 5. c4 Nf6 6. Nc3 g6 7. d4 cxd4 8.
Nxd4 Bg7 9. O-O O-O 10. b3 Nc6 11. Bb2 e6 12. Re1 Nxd4 13. Qxd4 Nd5 14. Qd2 Nxc3
15. Bxc3 Bxc3 16. Qxc3 b5 17. cxb5 Qxb5 18. Rad1 Rac8 19. Qe3 Qa5 20. Re2 Rc6
21. g3 Rfc8 22. Kg2 Qb6 23. Qf4 Kg7 24. Red2 Rd8 25. h4 Qc5 26. Rd3 h5 27. Rf3
Rf8 28. Qf6+ Kg8 29. Rfd3 Qc2 30. R1d2 Qb1 31. Rxd6 Rxd6 32. Rxd6 Qxa2 33. Qf3
Qa5 34. Rd7 a6 35. Qd3 Qb4 36. Rd4 Qb7 37. Rd7 Qb4 38. Rd4 Qb7 39. Rd7 1/2-1/2

[Event "Druzynowe Mistrzostwa Polski Ekstraliga"]
[Site "Gorzow Wlkp. - Wroclaw - Katowice"]
[Date "1899-12-30"]
[Round "2.27"]
[White "Bobras, Piotr"]
[Black "Pakleza, Zbigniew"]
[Result "1/2-1/2"]
[WhiteTitle "GM"]
[BlackTitle "GM"]
[WhiteElo "2529"]
[BlackElo "2480"]

1. e4 e5 2. Nf3 Nc6 3. Bb5 a6 4. Ba4 Nf6 5. O-O Be7 6. Re1 b5 7. Bb3 d6 8. c3 O-O
9. h3 Nd7 10. d4 Nb6 11. Nbd2 Bf6 12. Nf1 Re8 13. N1h2 exd4 14. cxd4 a5 15. Ng4
Bxg4 16. hxg4 a4 17. Bc2 g6 18. g5 Bg7 19. Bd3 Nc4 20. Rb1 Qb8 21. b3 axb3 22.
axb3 Na3 23. Ra1 b4 24. Bb2 Qb6 25. Bf1 Nb5 26. Bxb5 Qxb5 27. Qc2 Qb6 28. Qd3
Qb7 29. Qc2 Qb6 30. Qd3 Qb7 31. Qc2 1/2-1/2

[Event "Druzynowe Mistrzostwa Polski Ekstraliga"]
[Site "Gorzow Wlkp. - Wroclaw - Katowice"]
[Date "1899-12-30"]
[Round "2.28"]
[White "Jakubiec, Artur"]
[Black "Cukrowski, Filip"]
[Result "0-1"]
[WhiteTitle "GM"]
[BlackTitle "FM"]
[WhiteElo "2500"]
[BlackElo "2431"]

1. e4 c5 2. c3 d5 3. d3 dxe4 4. dxe4 Qxd1+ 5. Kxd1 Nc6 6. Be3 e5 7. Na3 Be6 8.
Nf3 a6 9. Nc4 Nf6 10. Ng5 b5 11. Nxe6 fxe6 12. Nd2 Ng4 13. a4 Rb8 14. axb5 axb5
15. Ra6 Kd7 16. c4 b4 17. Be2 Nxe3+ 18. fxe3 Be7 19. Nb3 Ra8 20. Rxa8 Rxa8 21.
Kc2 Bd6 22. h4 Ke7 23. Kd3 Ra2 24. Rb1 Ra8 25. g4 Ra7 26. g5 Ra2 27. Bg4 Nd8 28.
Bh5 Nc6 29. Nd2 Ra8 30. Bd1 Bc7 31. Ke2 Bd6 32. Bb3 Bc7 33. Rf1 Ra7 34. h5 Ra8
35. Rg1 Kd6 36. Kd3 Bd8 37. Bd1 Be7 38. Nb3 Na5 39. g6 h6 40. Nd2 Nc6 41. Bb3
Bf6 42. Rf1 Nb8 43. Bd1 Nd7 44. Bg4 Nb6 45. Kc2 Ke7 46. Be2 Kd6 47. Rd1 Kd7 48.
Nf3+ Ke7 49. Kb3 Nd7 50. Rf1 Nb6 51. Kc2 Nd7 52. Nd2 Nb6 53. Bg4 Kd6 54. Bh3 Ke7
55. Bg4 Kd6 56. Be2 Ke7 57. Nb3 Kd6 58. Kb1 Nd7 59. Bg4 Ke7 60. Kc2 Kd6 61. Rd1+
Ke7 62. Kd3 Kd6 63. Ke2+ Ke7 64. Rd2 Ra7 65. Kd1 Bg5 66. Ke2 Bf6 67. Kd3 Kd6 68.
Kc2+ Ke7 69. Rd1 Ra8 70. Bh3 Ra7 71. Nc1 Bg5 72. Rf1 Nf6 73. Nd3 Kd6 74. Rd1 Bxe3
75. Nf4+ Bd4 76. Nxe6 Nxe4 77. Rf1 b3+ 78. Kd3 Nf2+ 79. Rxf2 Bxf2 0-1

[Event "Druzynowe Mistrzostwa Polski Ekstraliga"]
[Site "Gorzow Wlkp. - Wroclaw - Katowice"]
[Date "1899-12-30"]
[Round "2.29"]
[White "Dubinski, Mateusz"]
[Black "Weichhold, Pawel"]
[Result "1-0"]
[WhiteTitle "CM"]
[BlackTitle "IM"]
[WhiteElo "2275"]
[BlackElo "2428"]

1. d4 Nf6 2. c4 g6 3. Nc3 Bg7 4. e4 d6 5. f3 O-O 6. Nge2 a6 7. Be3 Nc6 8. Qd2 Na5
9. Nc1 Nd7 10. b4 Nc6 11. Rb1 e5 12. d5 Ne7 13. Be2 f5 14. O-O f4 15. Bf2 g5 16.
c5 Nf6 17. b5 axb5 18. cxd6 cxd6 19. Nxb5 Ng6 20. Qb4 Ne8 21. Na7 Rf7 22. Nb3
h5 23. Bb6 Qe7 24. Nxc8 Rxc8 25. Rfc1 Ra8 26. a4 g4 27. Nd2 Qg5 28. Kh1 Bf8 29.
Rg1 Nf6 30. Rbc1 Nd7 31. Rc7 Nxb6 32. Rxf7 Kxf7 33. Qxb6 Rxa4 34. Qxb7+ Kg8 35.
fxg4 hxg4 36. Qd7 Ra2 37. Bxg4 Rxd2 38. Be6+ Kh8 39. Qf7 Ne7 40. Qxf8+ Kh7 41.
Qd8 Qh4 42. Qxd6 f3 43. Qxe5 fxg2+ 44. Rxg2 Rd1+ 45. Rg1 Rxg1+ 46. Kxg1 Qe1+ 47.
Kg2 Qe2+ 48. Kg3 Qe3+ 49. Kg4 Ng6 50. Bf5 Kh6 51. Bxg6 Qe2+ 52. Kf5 Qb2 53. Bf7
1-0

[Event "Druzynowe Mistrzostwa Polski Ekstraliga"]
[Site "Gorzow Wlkp. - Wroclaw - Katowice"]
[Date "1899-12-30"]
[Round "3.4"]
[White "Sieciechowicz, Marcin"]
[Black "Pakleza, Zbigniew"]
[Result "0-1"]
[WhiteTitle "IM"]
[BlackTitle "GM"]
[WhiteElo "2409"]
[BlackElo "2480"]

1. d4 e6 2. c4 b6 3. e4 Bb7 4. Bd3 Bb4+ 5. Bd2 Bxd2+ 6. Nxd2 d6 7. Ngf3 Nf6 8.
O-O c5 9. d5 O-O 10. a3 Nbd7 11. b4 Re8 12. Nb3 Rc8 13. Rc1 h6 14. Qd2 Ba8 15.
Rfd1 exd5 16. exd5 cxb4 17. axb4 b5 18. Na5 bxc4 19. Bxc4 Qb6 20. Re1 Kf8 21.
Ba2 Rxc1 22. Rxc1 Ne4 23. Qb2 a6 24. h3 Ndf6 25. Nc6 Ng3 26. Rc2 Nf5 27. Qa3 Bb7
28. g4 Ne7 29. b5 Ne4 30. bxa6 Qxa6 31. Qxa6 Bxa6 32. Nxe7 Rxe7 33. Nd4 Nc5 34.
Nf5 Re1+ 35. Kg2 Bd3 36. Rb2 Be4+ 37. f3 Bxf5 38. gxf5 Ke7 39. Bc4 Rc1 40. Be2
Kf6 41. Rb6 Rc2 42. Kf1 Ke5 43. Rb8 Rd2 44. Rf8 Kf6 45. Bb5 Rxd5 46. Bc4 Rxf5
47. Rxf7+ Kg6 48. Rc7 Rxf3+ 49. Kg2 Rc3 50. Bd5 Kf6 51. h4 g5 52. hxg5+ hxg5 53.
Bf3 Ra3 54. Bh5 Nd3 55. Bg4 Ne5 56. Be2 d5 57. Rc8 d4 58. Rf8+ Ke6 59. Rg8 Kf5
60. Rf8+ Ke4 61. Rg8 Ra2 62. Kf1 g4 63. Re8 Kf4 64. Rf8+ Kg3 65. Re8 Ra1+ 66.
Bd1 Rxd1+ 67. Ke2 Rd3 0-1

[Event "Druzynowe Mistrzostwa Polski Ekstraliga"]
[Site "Gorzow Wlkp. - Wroclaw - Katowice"]
[Date "1899-12-30"]
[Round "3.6"]
[White "Sliwicka, Alicja"]
[Black "Kubicka, Anna"]
[Result "1/2-1/2"]
[WhiteTitle "WFM"]
[BlackTitle "m"]
[WhiteElo "2178"]
[BlackElo "2190"]

1. e4 c5 2. Nf3 Nc6 3. d4 cxd4 4. Nxd4 Nf6 5. Nc3 d6 6. Nb3 g6 7. Be2 Bg7 8. Bg5
O-O 9. O-O Be6 10. Re1 a5 11. a4 Qc8 12. Bxf6 Bxf6 13. Nd5 Bxd5 14. exd5 Ne5 15.
Nd2 Qc7 16. Ra3 Rac8 17. c4 Nd7 18. Qc1 Nc5 19. Bg4 Rcd8 20. Ne4 Nxe4 21. Rxe4
Qb6 22. Rh3 Qxb2 23. Qxb2 Bxb2 24. Rxe7 Rfe8 25. Rhe3 Rxe7 26. Rxe7 b6 27. Kf1
Bd4 28. Rc7 Re8 29. Rc8 Rxc8 30. Bxc8 Kg7 31. f4 h6 32. Ke2 f5 33. Kf3 Kf6 34.
g4 fxg4+ 35. Bxg4 g5 36. fxg5+ hxg5 37. Ke4 Bg1 38. h3 Bc5 39. Bf5 Bf2 40. Bg4
Bg1 41. Bf5 Ke5+ 1/2-1/2

[Event "Druzynowe Mistrzostwa Polski Ekstraliga"]
[Site "Gorzow Wlkp. - Wroclaw - Katowice"]
[Date "1899-12-30"]
[Round "3.7"]
[White "Kryvoruchko, Yuriy"]
[Black "Lupulescu, Constantin"]
[Result "1/2-1/2"]
[WhiteTitle "GM"]
[BlackTitle "GM"]
[WhiteElo "2714"]
[BlackElo "2631"]

1. e4 e6 2. d4 d5 3. Nc3 Nf6 4. e5 Nfd7 5. f4 c5 6. Nf3 Nc6 7. Be3 Be7 8. Qd2 a6
9. dxc5 Nxc5 10. Be2 b5 11. a3 Bb7 12. O-O O-O 13. Nd4 Qc7 14. Nxc6 Qxc6 15. Bd4
Ne4 16. Nxe4 dxe4 17. Qe3 Rac8 18. c3 f6 19. exf6 Bxf6 20. Rad1 Bxd4 21. Rxd4
Rcd8 22. Rxd8 Rxd8 23. Rd1 Rf8 24. Bg4 h6 25. g3 Kh8 26. Bh3 Qe8 27. Rd6 e5 28.
fxe5 Qh5 29. Bg2 Qxe5 30. Rd2 Re8 31. Rd4 Bc6 32. Rd2 Kg8 33. Rd4 1/2-1/2

[Event "Druzynowe Mistrzostwa Polski Ekstraliga"]
[Site "Gorzow Wlkp. - Wroclaw - Katowice"]
[Date "1899-12-30"]
[Round "3.8"]
[White "Vovk, Yuri"]
[Black "Piorun, Kacper"]
[Result "1/2-1/2"]
[WhiteTitle "GM"]
[BlackTitle "GM"]
[WhiteElo "2600"]
[BlackElo "2638"]

1. d4 Nf6 2. c4 e6 3. Nf3 d5 4. g3 Bb4+ 5. Bd2 Bd6 6. Bg2 O-O 7. O-O c6 8. Nc3
Nbd7 9. e4 Nxe4 10. Nxe4 dxe4 11. Ng5 Be7 12. Nxe4 f5 13. Nc3 e5 14. Ne2 Bf6 15.
Bc3 exd4 16. Nxd4 Nc5 17. Re1 a5 18. Rc1 f4 19. gxf4 Qd6 20. f5 Qf4 21. Re3 Na4
22. Rf3 Nxc3 23. bxc3 Qe5 24. Qe1 Qc5 25. Ne6 Bxe6 26. fxe6 Bg5 27. Rd1 Rxf3 28.
Bxf3 Rf8 29. Qe4 g6 30. Rd7 Rf4 31. Qe2 Be7 32. Rxb7 Rf5 33. Qe4 Re5 34. Rb8+
Kg7 35. Qd4 Kh6 36. Qf4+ Bg5 37. Qg3 Qd6 38. Qh3+ Kg7 39. Rb7+ Be7 40. Rd7 Qxe6
41. Qxe6 Rxe6 42. Bxc6 Kf6 43. Bf3 a4 44. c5 Bxc5 45. Rxh7 Re1+ 46. Kg2 Rc1 47.
Be4 g5 48. Rh3 Ke5 49. Bh7 Ra1 50. Bg8 Rd1 51. Rg3 Kf6 52. Rf3+ Ke5 53. h3 Rd2
54. Kg3 a3 55. Kg4 Bxf2 56. Kxg5 Bc5 57. Kg4 Rg2+ 58. Rg3 Rh2 59. Bb3 Rb2 60.
Bg8 Rh2 61. h4 Be7 62. Re3+ Kd6 63. Kg3 Rh1 64. Rd3+ Kc7 65. Kf4 Rxh4+ 66. Ke5
Rh5+ 67. Ke6 Bc5 68. Bf7 Rh2 69. Kd5 Bd6 70. Ke4 Re2+ 71. Kf3 Rh2 72. Be6 Bc5
73. Rd7+ Kc6 74. Rd8 Rc2 75. Rd3 Rh2 76. Bd5+ Kc7 77. Kg3 Re2 78. Kf4 Bd6+ 79.
Kg4 Bc5 80. Kf3 Rh2 81. Kg4 Re2 82. Rh3 Re3 83. Rh7+ Kd6 84. c4 Ke5 85. Rh2 Re1
86. Rd2 Bb4 87. Rf2 Kd4 88. Rf4+ Kc5 89. Rf2 Rb1 90. Kf3 Rb2 91. Ke4 1/2-1/2

[Event "Druzynowe Mistrzostwa Polski Ekstraliga"]
[Site "Gorzow Wlkp. - Wroclaw - Katowice"]
[Date "1899-12-30"]
[Round "3.10"]
[White "Cukrowski, Filip"]
[Black "Kanarek, Marcel"]
[Result "0-1"]
[WhiteTitle "FM"]
[BlackTitle "GM"]
[WhiteElo "2431"]
[BlackElo "2519"]

1. e4 c5 2. Nf3 d6 3. d4 Nf6 4. Nc3 cxd4 5. Nxd4 a6 6. Bg5 e6 7. f4 h6 8. Bh4 Qb6
9. Qd3 Qxb2 10. Rb1 Qa3 11. Be2 Be7 12. O-O Nbd7 13. Bf2 Qa5 14. Qg3 g5 15. f5
e5 16. Nb3 Qc7 17. a4 b6 18. Nd2 Bb7 19. Rb3 d5 20. exd5 Nxd5 21. Nxd5 Bxd5 22.
c4 Bc6 23. Bf3 Rd8 24. Re1 Bxa4 25. Rd3 Bc2 26. Rd5 Bxf5 27. Bd4 Be6 28. Rexe5
Nf6 29. Rxe6 Qxg3 30. Rxe7+ Kxe7 31. hxg3 Nxd5 32. Bxd5 Rxd5 33. cxd5 Rd8 34.
Bxb6 Rxd5 35. Nc4 Kd7 36. Be3 Kc6 37. Kf2 Kb5 38. Nd2 Kb4 39. Ke2 a5 40. Ne4 a4
41. g4 a3 42. Bc1 Kb3 43. Bxa3 Kxa3 44. Ng3 Kb4 45. Ke3 Kc5 46. Ne4+ Kc6 47. Nf6
Rd6 48. Ne4 Rd8 49. Ng3 Kd5 50. Nf5 Rh8 51. Kd4+ Ke5+ 0-1

[Event "Druzynowe Mistrzostwa Polski Ekstraliga"]
[Site "Gorzow Wlkp. - Wroclaw - Katowice"]
[Date "1899-12-30"]
[Round "3.15"]
[White "Leniart, Arkadiusz"]
[Black "Gajewski, Grzegorz"]
[Result "1/2-1/2"]
[WhiteTitle "IM"]
[BlackTitle "GM"]
[WhiteElo "2479"]
[BlackElo "2634"]

1. e4 e5 2. Nf3 Nc6 3. Bb5 g6 4. c3 a6 5. Ba4 d6 6. d4 Bd7 7. O-O Bg7 8. d5 Nce7
9. Bxd7+ Qxd7 10. c4 h6 11. Nc3 f5 12. Ne1 Nf6 13. f3 O-O 14. Nd3 c5 15. a4 a5
16. Bd2 f4 17. Qe2 g5 18. Kf2 g4 19. Ke1 Ng6 20. Kd1 h5 21. Kc2 h4 22. Rg1 g3
23. h3 Nh7 24. Rh1 Ng5 25. Nb5 Ne7 26. Qe1 Qd8 27. Nc1 Rf7 28. Nb3 b6 29. Bc3
Qd7 30. Nd2 Rff8 1/2-1/2

[Event "Druzynowe Mistrzostwa Polski Ekstraliga"]
[Site "Gorzow Wlkp. - Wroclaw - Katowice"]
[Date "1899-12-30"]
[Round "3.16"]
[White "Miton, Kamil"]
[Black "Mikrut, Dariusz"]
[Result "1/2-1/2"]
[WhiteTitle "GM"]
[BlackTitle "IM"]
[WhiteElo "2618"]
[BlackElo "2406"]

1. d4 d5 2. c4 c6 3. Nc3 Nf6 4. e3 Bf5 5. Nf3 e6 6. Nh4 Be4 7. f3 Bg6 8. Qb3 Qc7
9. Bd2 Nbd7 10. O-O-O Bd6 11. cxd5 Nxd5 12. Ne4 Be7 13. Nxg6 hxg6 14. Kb1 a5 15.
g3 a4 16. Qc2 a3 17. b3 e5 18. Bc4 N7b6 19. h4 exd4 20. exd4 O-O-O 21. Rhe1 Nb4
22. Qc1 Nxc4 23. Qxc4 Nd5 24. Qa4 Kb8 25. Rc1 Rhe8 26. Ba5 Nb6 27. Bxb6 Qxb6 28.
Nc5 Bxc5 29. dxc5 Qc7 30. Rxe8 Rxe8 31. Qxa3 Qxg3 32. Qb2 Qxf3 33. Qxg7 Qe4+ 34.
Rc2 Qf5 35. Kb2 Qf4 36. Rc4 Qe5+ 1/2-1/2

[Event "Druzynowe Mistrzostwa Polski Ekstraliga"]
[Site "Gorzow Wlkp. - Wroclaw - Katowice"]
[Date "1899-12-30"]
[Round "3.19"]
[White "Bartel, Mateusz"]
[Black "Nasuta, Grzegorz"]
[Result "1/2-1/2"]
[WhiteTitle "GM"]
[BlackTitle "IM"]
[WhiteElo "2637"]
[BlackElo "2454"]

1. e4 c5 2. Nc3 a6 3. Nge2 d6 4. g3 b5 5. Bg2 Bb7 6. d4 Nd7 7. O-O Ngf6 8. Re1
e6 9. dxc5 Nxc5 10. Nd4 b4 11. Nd5 Nfxe4 12. Bxe4 Nxe4 13. Nxe6 fxe6 14. Rxe4
Kd7 15. c4 bxc3 16. Nxc3 Bxe4 17. Nxe4 Rc8 18. Bf4 Rc6 19. Ng5 Qf6 20. Nf3 Rc5
21. Qa4+ Ke7 22. Qxa6 Kf7 23. Re1 Rd5 24. Nd2 Be7 25. Ne4 Qxb2 26. Bxd6 Qb5 27.
Qa7 Re8 28. Bxe7 Rxe7 29. Qe3 Qa5 30. Rc1 Kg8 31. a4 Red7 32. Kg2 Qa8 33. Rc4
Ra5 34. Qb6 Ra6 35. Qb3 Rd8 36. Rb4 Qd5 37. Qe3 Rda8 38. Rd4 Qb7 39. Qf3 Qf7 40.
Qd3 Rxa4 41. Ng5 Qf5 42. Rxa4 Rxa4 43. Qd8+ Qf8 44. Qd7 Ra8 45. Qxe6+ Kh8 46.
Qe4 Qg8 47. Nf7+ Qxf7 48. Qxa8+ Qg8 49. Qxg8+ Kxg8 50. Kf3 Kf7 51. Ke4 Ke6 52.
h4 Kf6 53. g4 Ke6 54. Kf4 Kf6 55. Ke4 Ke6 56. f3 g6 57. Ke3 Ke5 58. f4+ Kd5 59.
Kd3 Ke6 60. Ke4 Kd6 61. Kd4 Ke6 62. Kc5 Ke7 63. Kd5 Kd7 64. Ke5 Ke7 65. g5 Kf7
66. Kd6 Kf8 67. Ke6 Ke8 68. Ke5 Ke7 69. Ke4 Ke6 70. Kf3 Kd5 71. Ke3 Ke6 72. Kf3
Kd5 73. Kg3 Kd6 74. Kg4 Ke6 75. Kg3 Kd5 76. h5 Ke6 77. hxg6 hxg6 78. Kf3 Kf7 79.
Ke3 Ke7 80. Kd3 Kd7 81. Kc3 Ke6 82. Kd2 Kd6 83. Kd3 Kd7 84. Ke2 Ke8 85. Kf2 Kf8
86. Kg1 Kg7 87. Kh2 Kh8 88. Kh3 Kh7 89. Kg2 Kg8 90. Kf2 Kf8 91. Ke3 Ke7 92. Kd4
Kd6 93. Kc4 Ke6 94. Kd3 Kd7 95. Kd4 1/2-1/2

[Event "Druzynowe Mistrzostwa Polski Ekstraliga"]
[Site "Gorzow Wlkp. - Wroclaw - Katowice"]
[Date "1899-12-30"]
[Round "3.20"]
[White "Ponizil, Cyril"]
[Black "Mastrovasilis, Dimitrios"]
[Result "1/2-1/2"]
[WhiteTitle "IM"]
[BlackTitle "GM"]
[WhiteElo "2478"]
[BlackElo "2580"]

1. e4 c5 2. Nf3 e6 3. d4 cxd4 4. Nxd4 Nc6 5. Nc3 Qc7 6. Be3 Nf6 7. Bd3 a6 8. O-O
Nxd4 9. Bxd4 Bc5 10. Bxc5 Qxc5 11. Qd2 d6 12. Rae1 O-O 13. Re3 e5 14. Rd1 Be6
15. Be2 Rfd8 16. Rd3 Ne8 17. Nd5 Bxd5 18. Rxd5 Qc7 19. c4 b6 20. b4 a5 21. c5
axb4 22. cxd6 Qc3 23. Rd3 Qxd2 24. R1xd2 Ra3 25. Rd5 Ra5 26. Bb5 Nf6 27. Rxe5
Nd7 28. Red5 Nf6 29. Re5 Nd7 30. Red5 Nf6 31. Re5 1/2-1/2

[Event "Druzynowe Mistrzostwa Polski Ekstraliga"]
[Site "Gorzow Wlkp. - Wroclaw - Katowice"]
[Date "1899-12-30"]
[Round "3.21"]
[White "Moranda, Wojciech"]
[Black "Piesik, Piotr"]
[Result "1/2-1/2"]
[WhiteTitle "GM"]
[BlackTitle "FM"]
[WhiteElo "2595"]
[BlackElo "2337"]

1. d4 Nf6 2. c4 e6 3. Nf3 Bb4+ 4. Bd2 a5 5. g3 O-O 6. Bg2 d6 7. O-O Bxd2 8. Qxd2
Nbd7 9. Nc3 Qe7 10. e4 e5 11. Rfe1 c6 12. Rad1 Re8 13. b3 Nf8 14. h3 Qc7 15. c5
exd4 16. Qxd4 dxc5 17. Qxc5 N6d7 18. Qe3 Qb6 19. Nd4 Nc5 20. f4 a4 21. e5 axb3
22. Nxb3 Nfd7 23. Nd2 Na4 24. Nxa4 Rxa4 25. Ne4 Rf8 26. Nd6 Qxe3+ 27. Rxe3 Nc5
28. a3 g6 29. Rc3 Ne6 30. Rb1 Ra7 31. Kf2 h5 32. Ke3 Nc7 33. Rd3 Rd8 34. g4 hxg4
35. hxg4 Nb5 36. Nxc8 Rxc8 37. f5 gxf5 38. gxf5 Re8 39. Kf4 Rxa3 40. Rxa3 Nxa3
41. Rxb7 Nc4 42. e6 fxe6 43. f6 Nd6 44. Rd7 Nf7 45. Be4 c5 46. Rc7 Rf8 47. Bd3
Nd6 48. Kg5 Ne8 49. Rc8 Nxf6 50. Rxf8+ Kxf8 51. Kxf6 e5 52. Kxe5 c4 53. Bxc4 1/2-1/2